Southville International School and Colleges
Your cart is empty.
  • Cart
  • Lists
    Public lists Eva Luna New books Lux_list list_1
    Your lists Log in to create your own lists
  • Log in to your account
  • Your cookies
  • Search history
Southville International School and Colleges
  • Advanced search
  • Recent comments
  • Most popular
  • Libraries

Log in to your account

Log in with GOOGLE


If you do not have an external account, but do have a local account, you can still log in:

  1. Home
  2. MARC view: Morality in let's play narrations: Moral evaluations of gothic monsters in gameplay videos of fallout 3 /
Normal view MARC view ISBD view

Morality in let's play narrations: Moral evaluations of gothic monsters in gameplay videos of fallout 3 / (Record no. 361409)

[ view plain ]
MARC details
000 -LEADER
fixed length control field 00572nam a2200193Ia 4500
008 - FIXED-LENGTH DATA ELEMENTS--GENERAL INFORMATION
fixed length control field 190412s9999 xx 000 0 und d
100 ## - MAIN ENTRY--PERSONAL NAME
Personal name Sari Pittenen
245 ## - TITLE STATEMENT
Title Morality in let's play narrations: Moral evaluations of gothic monsters in gameplay videos of fallout 3 /
245 ## - TITLE STATEMENT
Statement of responsibility, etc Sari Pittenen
260 ## - PUBLICATION, DISTRIBUTION, ETC. (IMPRINT)
Name of publisher, distributor, etc Sage
260 ## - PUBLICATION, DISTRIBUTION, ETC. (IMPRINT)
Date of publication, distribution, etc 2018
300 ## - PHYSICAL DESCRIPTION
Extent pages 4671-4688, December 2018
440 ## - SERIES STATEMENT/ADDED ENTRY--TITLE
Title New Media & Society
Volume number/sequential designation 20 (12)
650 ## - SUBJECT ADDED ENTRY--TOPICAL TERM
Topical term or geographic name as entry element Digital Games
650 ## - SUBJECT ADDED ENTRY--TOPICAL TERM
Topical term or geographic name as entry element Gameplay
650 ## - SUBJECT ADDED ENTRY--TOPICAL TERM
Topical term or geographic name as entry element Gaming Culture
650 ## - SUBJECT ADDED ENTRY--TOPICAL TERM
Topical term or geographic name as entry element MEDIA & SOCIETY
942 ## - ADDED ENTRY ELEMENTS (KOHA)
Source of classification or shelving scheme Library of Congress Classification
Item type Periodicals
Holdings
Withdrawn status Lost status Source of classification or shelving scheme Damaged status Home library Current library Shelving location Date acquired Total Checkouts Date last seen Price effective from Koha item type
    Library of Congress Classification   College Library College Library Periodical Section 04/12/2019   04/12/2019 04/12/2019 Periodicals

Morality in let's play narrations: Moral evaluations of gothic monsters in gameplay videos of fallout 3 /

APA

Sari Pittenen, .Morality in let's play narrations: Moral evaluations of gothic monsters in gameplay videos of fallout 3. : Sage.

Chicago

Sari Pittenen, .Morality in let's play narrations: Moral evaluations of gothic monsters in gameplay videos of fallout 3. : Sage.

Harvard

Sari Pittenen, .Morality in let's play narrations: Moral evaluations of gothic monsters in gameplay videos of fallout 3. : Sage.

MLA

Sari Pittenen, .: Sage. .

  • Place hold
  • Print
  • Cite
  • Add to your cart (remove)
  • Save record
    BIBTEX Dublin Core MARCXML MARC (non-Unicode/MARC-8) MARC (Unicode/UTF-8) MARC (Unicode/UTF-8, Standard) MODS (XML) RIS
  • More searches
    Search for this title in:
    Other Libraries (WorldCat) Other Databases (Google Scholar) Online Stores (Bookfinder.com) Open Library (openlibrary.org)

Exporting to Dublin Core...

SOUTHVILLE LIBRARY

Southville International School and Colleges Library

1281 Tropical Ave. Cor. Luxembourg St., BF Homes International, Las Pinas City

Tel. No. 8256374 / 252358 Loc. 117/146

Powered by Koha